INFRARED EQUIPMENTS FOR TANKS (Record no. 584729)

000 -LEADER
fixed length control field 00252nam a22001097a 4500
082 ## - DEWEY DECIMAL CLASSIFICATION NUMBER
Classification number 621.362 INF'P
100 ## - MAIN ENTRY--PERSONAL NAME
Personal name PHILIPS, UZFA
9 (RLIN) 79728
245 ## - TITLE STATEMENT
Title INFRARED EQUIPMENTS FOR TANKS
260 ## - PUBLICATION, DISTRIBUTION, ETC.
Place of publication, distribution, etc. PAKISTAN
Name of publisher, distributor, etc. PHOTO COPY
Date of publication, distribution, etc. 1980
300 ## - PHYSICAL DESCRIPTION
Extent 09P
942 ## - ADDED ENTRY ELEMENTS (KOHA)
Koha item type Book
Holdings
Withdrawn status Lost status Damaged status Not for loan Permanent Location Current Location Shelving location Date acquired Total Checkouts Full call number Barcode Date last seen Price effective from Koha item type
        College of Electrical & Mechanical Engineering (CEME) College of Electrical & Mechanical Engineering (CEME) General Stacks 07/05/2017   621.362 INF'P CEME-6335 06/28/2021 06/28/2021 Book
© 2023 Central Library, National University of Sciences and Technology. All Rights Reserved.